000 00594nam a22001817a 4500
005 20251108165252.0
008 250721s1988 xx 000 0 ara d
082 1 4 _a574/زهي
100 1 _aزاهد، زهير راضي عبد
245 1 0 _aمستقبلات الضوء /
264 1 _aبغداد :
_bوزارة الثقافة و الإعلام - دائرة الإعلام الداخلي،
_c1988.
300 _a137ص
490 0 _aسلسلة كتاب الثقافة العلمية ؛ 18
650 1 7 _aعلم الأحياء
650 1 7 _aالعين
942 _2ddc
_cBK
999 _c23703
_d23703